000 00326nam a2200133 i 4500
001 bg
245 0 _aDiagrammy gorjacej deformacii struktura i svojstva stalej :
_bspravocnik.
260 _aMoskva,
_c1989.
040 _cBPK
041 _apol
080 _a669.017
942 _cKS
008 s pl f |000 0 pol
999 _c28835
_d28835
856 _uhttp://koha.tu.koszalin.pl/cgi-bin/koha/opac-detail.pl?biblionumber=28835
_yKatalog online BPK